Trenerzy klubów Ekstraklasy - poprzednie kluby - styczeń 2026 - Statystyki

Ogólne statystyki
  • Ten quiz został rozwiązany 20 razy
  • Średni wynik to 7 z 17
Statystyki odpowiedzi
Trener i obecny klub (kolejność wg miejsca w tabeli, stan na 2020.01.10.) Poprzedni klub % Poprawnych
12. Dawid Szwarga, Arka Gdynia Raków Częstochowa
94%
17. Marek Papszun, Legia Warszawa Raków Częstochowa
94%
4. Łukasz Tomczyk, Raków Częstochowa Polonia Bytom
78%
14. Daniel Myśliwiec, Piast Gliwice Widzew Łódź
72%
9. Jacek Zieliński, Korona Kielce Cracovia
61%
5. Leszek Ojrzyński, Zagłębie Lubin Korona Kielce
50%
18. Marcin Brosz, Bruk-Bet Termalica Nieciecza Górnik Zabrze
44%
1. Mariusz Misiura, Wisła Płock Znicz Pruszków
44%
2. Michal Gašparík, Górnik Zabrze Spartak Trnawa
33%
7. Gonçalo Feio, Radomiak Radom USL Dunkerque
33%
8. Niels Frederiksen, Lech Poznań Brøndby IF
17%
6. Luka Elsner, Cracovia Stade de Reims
17%
16. Rafał Górak, GKS Katowice Elana Toruń
6%
10. Thomas Thomasberg, Pogoń Szczecin FC Midtjylland
6%
15. Igor Jovićević, Widzew Łódź Łudogorec Razgrad
6%
13. John Carver, Lechia Gdańsk Omonia Nikozja
6%
11. Mateusz Stolarski, Motor Lublin Wólczanka Wólka Pełkińska
0%
Nie znaleziono quizów pasujących do podanych kryteriów
Rozkład punktacji
Procent ludzi z każdym wynikiem
Percentyl według liczby udzielonych odpowiedzi
Twoja historia wyników
Nie rozwiązałeś tego quizu